000
00280nam a22001337a 4500
020
_a
962-258-318-0
082
_a
001
_b
REA/W
100
_a
READER'S DIGEST
245
_a
WORLD ATLAS
260
_a
LONDON
_b
READER'S DIGEST
300
_a
400
650
_a
ATLAS
_z
LONDON
942
_c
BK
999
_c
1924
_d
1924